000 00684nam a2200181 a 4500
001 000035425
005 20200930074331.0
008 111031s1947 ru 000 0 fre d
040 _aDO-SdBNP
_bspa
_cBNPHU
082 _axxxx
_bK79i
100 1 _aKojève, Alexandre
_961259
245 1 0 _aIntroducction a la lecture de Hegel :
_bleçons sur la phénoménologie de lʻesprit /
_cAlexandre Kojève.
260 _aParis :
_bGallimard,
_c1947.
300 _a595 p. ;
_c22 cm.
500 _aProfessées de 1933 à 1939 lʻÈcole des Hautes-Ètudes réunies et publiées par Raymond Queneau.
504 _aIncluye referencias bibliográficas y notas al pie de las páginas.
049 _aBNGR
999 _c34916
_d34916